[Event "Kalamazoo op1"]
[Site "Kalamazoo"]
[Date "2003.09.01"]
[Round "7.13"]
[White "Almasy, Dale"]
[Black "Heldt, Ray"]
[Result "1/2-1/2"]
[WhiteElo "875"]
[BlackElo "1152"]
[PlyCount "62"]
[EventDate "2003.08.29"]
[EventType "swiss"]
[EventRounds "7"]
[EventCountry "USA"]
[SourceTitle "EXT 2007"]
[Source "ChessBase"]
[SourceDate "2006.11.23"]
[SourceVersion "1"]
[SourceVersionDate "2006.11.23"]
[SourceQuality "1"]

1. e4 e5 2. Nf3 Nc6 3. Bb5 Bc5 4. Bxc6 dxc6 5. 0-0 Nf6 6. Nxe5 Nxe4 7. Nd3 Be7 8. Re1 Nf6 9. Nc3 0-0 10. Qe2 Re8 11. Ne4 Kf8 12. Nxf6 Bxf6 13. Qxe8+ Qxe8 14. Rxe8+ Kxe8 15. Nf4 Bf5 16. d3 Rd8 17. Be3 b6 18. Re1 Kd7 19. b3 Re8 20. h3 Bg5 21. Nh5 Bxe3 22. fxe3 Bg6 23. Nf4 Kd6 24. c4 b5 25. e4 Ke5 26. g3 bxc4 27. bxc4 Kd4 28. h4 f6 29. Kf2 Bf7 30. Re3 a5 31. a4 g5 1/2-1/2

[Event "Lansing op"]
[Site "Lansing"]
[Date "2002.09.02"]
[Round "6"]
[White "Heldt, Ray"]
[Black "Homister, Justin"]
[Result "1-0"]
[WhiteElo "100"]
[BlackElo "522"]
[PlyCount "21"]
[EventDate "2002.08.30"]
[EventType "swiss"]
[EventRounds "7"]
[EventCountry "USA"]
[SourceTitle "EXT 2007"]
[Source "ChessBase"]
[SourceDate "2006.11.23"]
[SourceVersion "1"]
[SourceVersionDate "2006.11.23"]
[SourceQuality "1"]

1. e4 Nc6 2. d4 Nf6 3. Nc3 e6 4. Nf3 d5 5. e5 Bb4 6. exf6 gxf6 7. Bd2 0-0 8. Bh6 Re8 9. Nd2 Qd6 10. Qg4+ Kh8 11. Qg7# 1-0

[Event "Lansing op"]
[Site "Lansing"]
[Date "2002.09.01"]
[Round "4"]
[White "Cox, Daniel E"]
[Black "Heldt, Ray"]
[Result "1/2-1/2"]
[WhiteElo "912"]
[BlackElo "100"]
[PlyCount "64"]
[EventDate "2002.08.30"]
[EventType "swiss"]
[EventRounds "7"]
[EventCountry "USA"]
[SourceTitle "EXT 2007"]
[Source "ChessBase"]
[SourceDate "2006.11.23"]
[SourceVersion "1"]
[SourceVersionDate "2006.11.23"]
[SourceQuality "1"]

1. e4 e5 2. Nf3 Nc6 3. d4 exd4 4. Nxd4 Bc5 5. Nxc6 dxc6 6. Qxd8+ Kxd8 7. Bd3 Nf6 8. 0-0 Bd6 9. Nd2 Ng4 10. Nf3 Re8 11. h3 Ne5 12. Nd4 b6 13. Be2 Bb7 14. Nf5 g6 15. Nxd6 cxd6 16. f4 Nd7 17. Bf3 c5 18. e5 Bxf3 19. Rxf3 dxe5 20. fxe5 Nxe5 21. Bg5+ Kc7 22. Re3 Re6 23. b3 Rae8 24. Bf4 c4 25. Bg3 cxb3 26. axb3 a5 27. Ree1 Kc6 28. Rad1 f5 29. Bf2 Nd7 30. Rxe6+ Rxe6 31. g3 b5 32. Kg2 Re2 1/2-1/2

[Event "Lansing op"]
[Site "Lansing"]
[Date "2002.08.30"]
[Round "1"]
[White "Heldt, Ray"]
[Black "Aguilar, Javier"]
[Result "0-1"]
[WhiteElo "100"]
[BlackElo "1213"]
[PlyCount "116"]
[EventDate "2002.08.30"]
[EventType "swiss"]
[EventRounds "7"]
[EventCountry "USA"]
[SourceTitle "EXT 2007"]
[Source "ChessBase"]
[SourceDate "2006.11.23"]
[SourceVersion "1"]
[SourceVersionDate "2006.11.23"]
[SourceQuality "1"]

1. e4 c6 2. d4 d5 3. exd5 cxd5 4. Nc3 Nf6 5. Nf3 Bg4 6. Bd3 e6 7. 0-0 Bd6 8. Bg5 Nbd7 9. Re1 0-0 10. Qd2 Bxf3 11. gxf3 Qc7 12. f4 Rfe8 13. Re2 h6 14. Bxf6 Nxf6 15. Nb5 Qb8 16. Nxd6 Qxd6 17. Rae1 Qb6 18. b3 Qd8 19. c4 Ng4 20. cxd5 Qh4 21. f3 Nf6 22. dxe6 Rxe6 23. Rxe6 fxe6 24. Rxe6 Re8 25. Rxe8+ Nxe8 26. Qc2 Qxf4 27. Qc8 Qe3+ 28. Kf1 Qxd3+ 29. Kg2 Qg6+ 30. Qg4 Qxg4+ 31. fxg4 Nd6 32. Kf3 Kf7 33. d5 Kf6 34. Kf4 g5+ 35. Kf3 Ke5 36. Kg2 Kxd5 37. h4 Ne4 38. Kh3 Ke5 39. hxg5 hxg5 40. b4 b5 41. Kg2 Kf4 42. Kh3 Nf2+ 43. Kg2 Nxg4 44. Kg1 Ne3 45. Kf2 Nc2 46. a3 Nxa3 47. Ke1 Nc2+ 48. Kd2 Nxb4 49. Kd1 g4 50. Ke1 g3 51. Kf1 Kf3 52. Ke1 a5 53. Kd2 g2 54. Kc3 g1Q 55. Kb3 Qb1+ 56. Kc3 Qd3+ 57. Kb2 Qc2+ 58. Ka3 Qa2# 0-1